| 000 -LEADER | |
|---|---|
| fixed length control field | 00444nam a22001577a 4500 |
| 005 - DATE AND TIME OF LATEST TRANSACTION | |
| control field | 20240110111616.0 |
| 008 - FIXED-LENGTH DATA ELEMENTS--GENERAL INFORMATION | |
| fixed length control field | 190910b xxu||||| |||| 00| 0 eng d |
| 020 ## - INTERNATIONAL STANDARD BOOK NUMBER | |
| ISBN | 978-81-85790-15-2 |
| 041 ## - LANGUAGE CODE | |
| Language code of text/sound track or separate title | eng |
| 100 ## - MAIN ENTRY--AUTHOR NAME | |
| Personal name | GOKHALE,S.B , KOKATE, C.K. AND PUROHIT, A.P |
| 245 ## - TITLE STATEMENT | |
| Title | A TEXBOOK OF PHARMACOGNOSY : FIRST YEAR DIPLOMA IN PHARMACY |
| 250 ## - EDITION STATEMENT | |
| Edition statement | 14th Ed., 2019 |
| 260 ## - PUBLICATION, DISTRIBUTION, ETC. (IMPRINT) | |
| Place of publication | PUNE |
| Name of publisher | NIRALI PRAKASHAN |
| 300 ## - PHYSICAL DESCRIPTION | |
| Number of Pages | A.32p; |
| 942 ## - ADDED ENTRY ELEMENTS (KOHA) | |
| Koha item type | Books |
| Lost status | Damaged status | Collection code | Home library | Current library | Shelving location | Date acquired | Source of acquisition | Cost, normal purchase price | Accession Number | Koha item type |
|---|---|---|---|---|---|---|---|---|---|---|
| PHARMACY | JRU Library | JRU Library | SHELF-17-A | 10/09/2019 | PURCHESS | 280.00 | 23440 | Books | ||
| PHARMACY | JRU Library | JRU Library | SHELF-17-A | 10/09/2019 | PURCHESS | 280.00 | 23441 | Books | ||
| Reference | JRU Library | JRU Library | SHELF-9-A | 10/09/2019 | PURCHESS | 280.00 | 23442 | Books | ||
| PHARMACY | JRU Library | JRU Library | Shelf - 25- D | 10/09/2019 | PURCHESS | 280.00 | 23443 | Books |